000
00273nam a22000977a 4500
005
20250901165543.0
008
210802b |||||||| |||| 00| 0 eng d
050
_a
KD665 .M33 2001
245
_a
AVCE BUSINESS LAW
_c
MACLNTRYRE, E.
942
_2
lcc
_h
KD665 .M33 2001
999
_c
5760
_d
5760